| 000 | 00668nam a2200193 i 4500 | ||
|---|---|---|---|
| 001 | 151105 | ||
| 003 | ES-MaACL | ||
| 005 | 20250914145937.0 | ||
| 007 | t| | ||
| 008 | 071210q18501899sp ||||1| spa d | ||
| 100 | 1 |
_aArnó, Carlo. _923099 |
|
| 245 | 1 | 3 |
_aLas servidumbres rústicas y urbanas _b: estudio sobre la teoría de las servidumbres prediales / _cpor Carlos Arno ; traducción española de Adolfo Posada. |
| 260 |
_aMadrid : _bLa España Moderna, _c189-?] ( _fAvrial) |
||
| 300 |
_a329 p. ; _c23 cm. |
||
| 600 | 1 | 4 |
_aPosada, Adolfo, _d1860-1944 _993316 |
| 650 | 4 |
_aServidumbres. _9153302 |
|
| 852 |
_aES-MaACL _jF-14967 |
||
| 999 |
_c151105 _d151105 |
||